| 000 | 00000nam##2200000za#4500 |
| 001 | 9.656339 |
| 003 | CaOODSP |
| 005 | 20241125140609 |
| 007 | ta |
| 008 | 150407|1994||||xxc||||| f|0| 0 eng|d |
| 020 | |a0-662-60275-7 |
| 040 | |aCaOODSP|beng |
| 041 | |aeng |
| 041 | |afre |
| 043 | |an-cn--- |
| 086 | 1 |aE2-136/1994 |
| 110 | 1 |aCanada. |bForeign Affairs and International Trade Canada. |
| 245 | 10|aReport of Canada to the United Nations Commission on Sustainable Development |
| 260 | |aOttawa - Ontario : |bForeign Affairs and International Trade |c1994. |
| 300 | |aEnglish text, 62p. : |bmap ; |c28 cm. |
| 500 | |aContents: Summary.--Introduction.--General trends in the implementation of agenda.--Cross-sectoral issues: International co-operation; Changing consumption patterns; Financial resources and mechanisms; Technology transfer, co-operation and capacity building.--Sectoral issues: Protecting and promoting human health; Promoting sustainable human settlement development; Protection of the quality and supply of fresh water; Environmentally sound management of toxic chemicals, hazardous wastes, solid wastes and sewage related issues, and radioactive wastes.-- Conclusion.--Annex.--Glossary. |
| 546 | |aBilingual |
| 563 | |aSoftcover |
| 590 | |a94-10|b1994-03-11 |
| 690 | 07|aEnvironmental management|2gcpds |
| 776 | 0#|tReport of Canada to the United Nations Commission on sustainable development.|w(CaOODSP)9.945535 |
| 792 | |tRapport du Canada à la Commission du développement durable des Nations Unies |efre|w(CaOODSP)9.656340 |